000
00231nam a2200097Ia 4500
008
170619s9999 xx 000 0 und d
100
_a
Syms / Cozens
245
0
_a
Optical guided waves and devices
260
_b
London; MGH
260
_c
1993
546
_a
ENGLISH
999
_c
17697
_d
17697